<?xml version="1.0" encoding="UTF-8"?>
<record
    xmlns:xsi="http://www.w3.org/2001/XMLSchema-instance"
    xsi:schemaLocation="http://www.loc.gov/MARC21/slim http://www.loc.gov/standards/marcxml/schema/MARC21slim.xsd"
    xmlns="http://www.loc.gov/MARC21/slim">

  <leader>01898nam a2200253 a 4500</leader>
  <controlfield tag="001">BRCA_4423</controlfield>
  <controlfield tag="005">20190320204651.0</controlfield>
  <controlfield tag="008">200810m19391986mx-a######---#000-0#spa-#</controlfield>
  <datafield tag="041" ind1=" " ind2=" ">
    <subfield code="a">spa</subfield>
  </datafield>
  <datafield tag="044" ind1=" " ind2=" ">
    <subfield code="a">mx</subfield>
  </datafield>
  <datafield tag="050" ind1=" " ind2="4">
    <subfield code="a">N8</subfield>
    <subfield code="b">.A53 7</subfield>
    <subfield code="c">1939</subfield>
  </datafield>
  <datafield tag="245" ind1="1" ind2="0">
    <subfield code="a">Anales del Instituto de Investigaciones Est&#xE9;ticas</subfield>
    <subfield code="c">director Justino Fern&#xE1;ndez.</subfield>
  </datafield>
  <datafield tag="260" ind1=" " ind2=" ">
    <subfield code="a">M&#xE9;xico</subfield>
    <subfield code="b">UNAM, Instituto de Investigaciones Est&#xE9;ticas</subfield>
    <subfield code="c">1939-1986</subfield>
  </datafield>
  <datafield tag="300" ind1=" " ind2=" ">
    <subfield code="a">39v.</subfield>
    <subfield code="b">il.</subfield>
    <subfield code="c">23 cm.</subfield>
    <subfield code="e">&#xED;ndices del volumen 3, nos. 9, 10, 11 y 12, 1945 ; &#xED;ndices del volumen 1, nos. 1, 2, 3 y 4, 1939</subfield>
  </datafield>
  <datafield tag="500" ind1=" " ind2=" ">
    <subfield code="a">Incluye &#xED;ndice general, &#xED;ndice alfab&#xE9;tico, notas bibliogr&#xE1;ficas e informaciones</subfield>
  </datafield>
  <datafield tag="500" ind1=" " ind2=" ">
    <subfield code="a">Ver tambi&#xE9;n AM31, CFG37, CFG58, CFG59, CFG60 y CFG61</subfield>
  </datafield>
  <datafield tag="500" ind1=" " ind2=" ">
    <subfield code="a">H30</subfield>
  </datafield>
  <datafield tag="505" ind1="0" ind2=" ">
    <subfield code="a">Contenido: A&#xF1;o 3, No.3, Vol.2, 1939. -- A&#xF1;o 3, No.4, Vol.2, 1939. -- No.5, Vol.2, 1940. -- No.6, Vol.2, 1940. -- No.7, Vol.2, 1941. -- No.8, Vol.2, 1942. -- No.9, Vol.3, 1942. -- No.10, Vol.3, 1943. -- No.11, Vol.3, 1944 (2 ej.). -- No.12, Vol.3, 1945. -- No.13, Vol.4, 1945 (2 ej.). -- No.14, Vol.4, 1946. -- No.15, Vol.4, 1947. -- No.16, Vol.4, 1948. -- No.17, Vol.5, 1949. -- No.18, Vol.5, 1950. -- No.19, Vol.5, 1951. -- No.20, Vol.5, 1952. -- No.21, Vol.6, 1953. -- No.22, Vol.6, 1954. -- No.23, Vol.6, 1955. -- No.24, Vol.6, 1956. -- No.25, Vol.6, 1957. -- No.26, Vol.7, 1957. -- No.27, Vol.7, 1958, No.28, Vol.7, 1959. -- No.29, Vol.8, 1960. -- No.30, Vol.8, 1961. -- No.31, Vol.8, 1962. -- No.32, Vol.8, 1963. -- No.33, Vol.9, 1964. -- No.34, Vol.9, 1965. -- No.35, Vol.9, 1966. -- No.36, Vol.9, 1967. -- No.37, Vol.10, 1968. -- No.39, Vol.10, 1970. -- No.40, Vol.10, 1971. -- No.43, Vol.12, 1974. -- No.55, Vol.14, 1986</subfield>
  </datafield>
  <datafield tag="610" ind1="2" ind2="4">
    <subfield code="a">UNAM</subfield>
    <subfield code="b">Instituto de Investigaciones Est&#xE9;ticas (Ciudad de M&#xE9;xico)</subfield>
    <subfield code="9">11232</subfield>
  </datafield>
  <datafield tag="650" ind1="1" ind2="4">
    <subfield code="a">Arte colonial</subfield>
    <subfield code="z">M&#xE9;xico</subfield>
    <subfield code="9">11233</subfield>
  </datafield>
  <datafield tag="700" ind1="1" ind2=" ">
    <subfield code="a">Fern&#xE1;ndez, Justino</subfield>
    <subfield code="9">906</subfield>
  </datafield>
  <datafield tag="902" ind1=" " ind2=" ">
    <subfield code="a">GFM</subfield>
  </datafield>
  <datafield tag="942" ind1=" " ind2=" ">
    <subfield code="2">lcc</subfield>
    <subfield code="c">B</subfield>
  </datafield>
  <datafield tag="999" ind1=" " ind2=" ">
    <subfield code="c">4132</subfield>
    <subfield code="d">4132</subfield>
  </datafield>
  <datafield tag="952" ind1=" " ind2=" ">
    <subfield code="0">0</subfield>
    <subfield code="1">0</subfield>
    <subfield code="4">0</subfield>
    <subfield code="7">0</subfield>
    <subfield code="a">BRCA</subfield>
    <subfield code="b">BRCA</subfield>
    <subfield code="d">2010-08-20</subfield>
    <subfield code="i">H30</subfield>
    <subfield code="l">0</subfield>
    <subfield code="o">N8 .A53 7 1939 (H30)</subfield>
    <subfield code="p">4420</subfield>
    <subfield code="r">2019-03-22 00:00:00</subfield>
    <subfield code="w">2019-03-22</subfield>
    <subfield code="y">B</subfield>
  </datafield>
</record>
